Urban Groundwater Pollution / (Record no. 329576)

000 -LEADER
fixed length control field nam a22 7a 4500
003 - CONTROL NUMBER IDENTIFIER
control field NUST
005 - DATE AND TIME OF LATEST TRANSACTION
control field 20170515120034.0
008 - FIXED-LENGTH DATA ELEMENTS--GENERAL INFORMATION
fixed length control field 170515b xxu||||| |||| 00| 0 eng d
040 ## - CATALOGING SOURCE
Transcribing agency DLC
082 ## - DEWEY DECIMAL CLASSIFICATION NUMBER
Classification number 363.7394 LER
100 ## - MAIN ENTRY--PERSONAL NAME
Personal name Lerner, David N.
9 (RLIN) 709
245 ## - TITLE STATEMENT
Title Urban Groundwater Pollution /
260 ## - PUBLICATION, DISTRIBUTION, ETC.
Place of publication, distribution, etc. Netherlands:
Name of publisher, distributor, etc. A.A. Balkema Publishers,
300 ## - PHYSICAL DESCRIPTION
Extent xviii, 277p. :
942 ## - ADDED ENTRY ELEMENTS (KOHA)
Source of classification or shelving scheme
Koha item type Book
Holdings
Withdrawn status Lost status Source of classification or shelving scheme Damaged status Not for loan Permanent Location Current Location Date acquired Total Checkouts Full call number Barcode Date last seen Price effective from Koha item type
          School of Civil and Environmental Engineering (SCEE) School of Civil and Environmental Engineering (SCEE) 05/15/2017   363.7394 LER NIT-7518 05/15/2017 05/15/2017 Book
© 2023 Central Library, National University of Sciences and Technology. All Rights Reserved.